European office market review (Record no. 107737)

MARC details
000 -LEADER
fixed length control field 01340cad a22002295a 4500
001 - CONTROL NUMBER
control field L141688
008 - FIXED-LENGTH DATA ELEMENTS--GENERAL INFORMATION
fixed length control field 071213s2007 xxkad f s 000 0 eng d
035 ## - SYSTEM CONTROL NUMBER
System control number (Sirsi) u141688
041 0# - LANGUAGE CODE
Language code of text/sound track or separate title eng
050 04 - LIBRARY OF CONGRESS CALL NUMBER
Classification number 333.33 $2 18
110 2# - MAIN ENTRY--CORPORATE NAME
Corporate name or jurisdiction name as entry element GVA Grimley
9 (RLIN) 3646
245 00 - TITLE STATEMENT
Title European office market review
Remainder of title Autumn 2007
Medium [electronic resource]
260 ## - PUBLICATION, DISTRIBUTION, ETC.
Place of publication, distribution, etc. London
-- VA Grimley
Date of publication, distribution, etc. 2007
490 #0 - SERIES STATEMENT
Series statement GVA Grimley European Office Market Review
Volume/sequential designation Autumn 2007
520 ## - SUMMARY, ETC.
Summary, etc. Reports that during the first half of 2007 EU economic growth was strong, with an annualised growth rate of just over 3%. Demand for office space remained strong in most countries. Finds strong occupier demand and a shortage of good quality office stock in a number of markets, especially in the Baltic countries. Vacancy rates in most cities have continued to decline, and in many cases, rents have been rising. Rental growth has been particularly strong in London, Stockholm, Moscow and Warsaw. Development activity has increased in a number of cities, notably in London.
590 ## - LOCAL NOTE (RLIN)
Local note KA
650 24 - SUBJECT ADDED ENTRY--TOPICAL TERM
Topical term or geographic name entry element GVA GRIMLEY EUROPEAN OFFICE MARKET REVIEW
651 #4 - SUBJECT ADDED ENTRY--GEOGRAPHIC NAME
Geographic name Europe
690 ## - LOCAL SUBJECT ADDED ENTRY--TOPICAL TERM (OCLC, RLIN)
Topical term or geographic name as entry element PROPERTY-COMMERCIAL PROPERTY-COMMERCIAL PROPERTY MARKET
856 40 - ELECTRONIC LOCATION AND ACCESS
Uniform Resource Identifier <a href="https://www.gvagrimley.co.uk/">https://www.gvagrimley.co.uk/</a>
Public note View this report free of charge under research at www.gvagrimley.co.uk...
942 ## - ADDED ENTRY ELEMENTS (KOHA)
Suppress in OPAC 0
Holdings
Withdrawn status Lost status Source of classification or shelving scheme Damaged status Not for loan Home library Current library Shelving location Date acquired Total Checkouts Full call number Barcode Date last seen Copy number Price effective from Koha item type
    Dewey Decimal Classification     Virtual Virtual Online 13/12/2007   ONLINE PUBLICATION 141688-1001 06/08/2019 1 06/08/2019 Book